[Event "chess.com IoM Masters"]
[Site "Douglas ENG"]
[Date "2017.09.25"]
[Round "3.30"]
[White "Adhiban, Baskaran"]
[Black "Degtiarev, Evgeny"]
[Result "1-0"]
[WhiteTitle "GM"]
[BlackTitle "IM"]
[WhiteElo "2670"]
[BlackElo "2412"]
[WhiteFideId "5018471"]
[BlackFideId "4149610"]
[EventDate "2017.09.23"]

1. d4 d5 2. c4 c6 3. Nf3 Nf6 4. Nc3 a6 5. a4 e6 6. g3 dxc4 7. Bg2 c5 8. O-O Nc6
9. Ne5 Na5 10. dxc5 Qxd1 11. Rxd1 Bxc5 12. Bd2 Bd4 13. Ne4 Bxe5 14. Bxa5 Nd5 15.
Rac1 b6 16. Be1 O-O 17. Rxc4 b5 18. Rc2 bxa4 19. Nc5 Rb8 20. Nxa4 Rb5 21. Rdc1
Ne7 22. f4 Bd4+ 23. Bf2 Bxf2+ 24. Kxf2 Rb4 25. Nc5 Rd8 26. Nd3 Rbd4 27. Rc7 R4d7
28. Ne5 Rxc7 29. Rxc7 f6 30. Nc6 Nxc6 31. Bxc6 e5 32. fxe5 fxe5 33. Re7 Bg4 34.
Rxe5 Rb8 35. Re8+ Rxe8 36. Bxe8 Kf8 37. Bc6 a5 38. Ke3 Ke7 39. Bf3 Bd7 40. Kd4
Kf6 41. Kd5 Ke7 42. Kc5 g5 43. Kb6 Kd6 44. Kxa5 g4 45. Be4 h6 46. e3 1-0

[Event "chess.com IoM Masters"]
[Site "Douglas ENG"]
[Date "2017.09.25"]
[Round "3.31"]
[White "Kojima, Shinya"]
[Black "Riazantsev, Alexander"]
[Result "0-1"]
[WhiteTitle "IM"]
[BlackTitle "GM"]
[WhiteElo "2403"]
[BlackElo "2666"]
[WhiteFideId "7000812"]
[BlackFideId "4125029"]
[EventDate "2017.09.23"]

1. Nf3 Nf6 2. c4 e6 3. Nc3 b6 4. g3 Bb7 5. Bg2 Bb4 6. Qc2 O-O 7. a3 Bxc3 8. Qxc3
c5 9. O-O d5 10. d3 Nbd7 11. e3 a5 12. b3 Re8 13. Bb2 e5 14. cxd5 Nxd5 15. Qc2
Rc8 16. Rac1 Rc7 17. Rfd1 Qa8 18. e4 N5f6 19. Nh4 b5 20. Qd2 Qa6 21. Nf5 h6 22.
f4 Rc6 23. Rf1 c4 24. bxc4 bxc4 25. Rxc4 Rxc4 26. dxc4 Qb6+ 27. Qf2 Bxe4 28.
Qxb6 Nxb6 29. Nd6 Bxg2 30. Kxg2 Re6 31. fxe5 Nfd7 32. Bd4 Nxe5 33. Bxb6 Rxd6 34.
c5 Rd3 35. Bxa5 Nc4 36. Bb4 Ne3+ 37. Kf2 Nxf1 38. Kxf1 Kf8 39. Ke2 Rb3 40. Kd2
Ke8 41. Kc2 Rf3 42. a4 Kd7 43. Bc3 g5 44. Kb3 Kc6 45. Kc4 Rf2 46. h3 Rh2 47. Be5
Rxh3 48. Kd4 Rh1 49. Bd6 Re1 50. a5 f5 51. a6 Re4+ 0-1

[Event "chess.com IoM Masters"]
[Site "Douglas ENG"]
[Date "2017.09.25"]
[Round "3.32"]
[White "Eggleston, David J"]
[Black "L'Ami, Erwin"]
[Result "0-1"]
[WhiteTitle "IM"]
[BlackTitle "GM"]
[WhiteElo "2400"]
[BlackElo "2611"]
[WhiteFideId "412120"]
[BlackFideId "1007998"]
[EventDate "2017.09.23"]

1. c4 g6 2. Nc3 Bg7 3. Nf3 d6 4. g3 e5 5. Bg2 f5 6. d3 Nf6 7. O-O O-O 8. Rb1 h6
9. b4 g5 10. e3 Nbd7 11. a4 a5 12. b5 c5 13. bxc6 bxc6 14. Ba3 Qc7 15. Nd2 Rb8
16. Qf3 Rxb1 17. Rxb1 Nb8 18. Rxb8 Qxb8 19. Qxc6 e4 20. Bxd6 Bd7 21. Qc5 Qb2 22.
Bxf8 Qxc3 23. Bxg7 Kxg7 24. h4 Qxd2 25. Qe7+ Kg6 26. h5+ Nxh5 27. Qxd7 Nf6 28.
Qe6 Qe1+ 29. Kh2 exd3 30. Bd5 Qxf2+ 31. Kh1 Kh5 32. Qxf6 d2 33. Qd4 Qf1+ 34. Kh2
Qe2+ 35. Bg2 d1=Q 36. Qe5 Qf2 37. Qe8+ Kg4 0-1

[Event "chess.com IoM Masters"]
[Site "Douglas ENG"]
[Date "2017.09.25"]
[Round "3.33"]
[White "Kavutskiy, Konstantin"]
[Black "Sokolov, Ivan"]
[Result "0-1"]
[WhiteTitle "IM"]
[BlackTitle "GM"]
[WhiteElo "2390"]
[BlackElo "2603"]
[WhiteFideId "2026384"]
[BlackFideId "14400030"]
[EventDate "2017.09.23"]

1. d4 Nf6 2. c4 e6 3. Nf3 b6 4. g3 Bb4+ 5. Bd2 Be7 6. Nc3 Bb7 7. Bg2 O-O 8. Qc2
c5 9. d5 exd5 10. Nh4 Nc6 11. cxd5 Nb4 12. Qb3 c4 13. Qa4 b5 14. Qxb5 Nc2+ 15.
Kd1 Nxa1 16. Qxb7 Rb8 17. Qa6 Ng4 18. Kc1 Nxf2 19. Rf1 Bg5 20. Rxf2 Bxd2+ 21.
Kxd2 Rxb2+ 22. Ke1 Qg5 23. Rf4 Qe5 24. Qxc4 Nc2+ 25. Kf2 Qe3+ 26. Kf1 Rfb8 27.
Nd1 Qd2 28. Kf2 Qe1+ 29. Kf3 Qxd1 30. d6 Ne1+ 31. Kg4 Qxe2+ 32. Qxe2 Rxe2 33.
Bd5 Nd3 34. Bxf7+ Kf8 0-1

[Event "chess.com IoM Masters"]
[Site "Douglas ENG"]
[Date "2017.09.25"]
[Round "3.34"]
[White "Bogner, Sebastian"]
[Black "Raja, Harshit"]
[Result "1-0"]
[WhiteTitle "GM"]
[WhiteElo "2599"]
[BlackElo "2423"]
[WhiteFideId "4692055"]
[BlackFideId "5089000"]
[EventDate "2017.09.23"]

1. d4 Nf6 2. c4 e6 3. Nf3 d5 4. g3 Be7 5. Bg2 O-O 6. O-O dxc4 7. Qc2 a6 8. a4
Bd7 9. Qxc4 Bc6 10. Bf4 Bd6 11. Bg5 Nbd7 12. Nc3 h6 13. Bxf6 Nxf6 14. Rfd1 Qe7
15. Rab1 Bb4 16. Ne5 Bxg2 17. Kxg2 Rfd8 18. Rbc1 Rac8 19. Na2 Bd6 20. Nd3 e5 21.
dxe5 Bxe5 22. Nxe5 Qxe5 23. Rxd8+ Rxd8 24. Qxc7 Qd5+ 25. Kg1 Re8 26. Nc3 Qb3 27.
a5 Re6 28. Qd8+ Kh7 29. Qd3+ g6 30. Qc2 Qb4 31. Ra1 Qc5 32. Qa4 g5 33. Rd1 Re5
34. Qb3 Re7 35. Qa4 Re5 36. Qb3 Re7 37. Nd5 Nxd5 38. Rxd5 Qc1+ 39. Kg2 Qc6 40.
Qd3+ Kg7 41. Qd4+ Kh7 42. e3 Rd7 43. e4 Re7 44. f3 g4 45. fxg4 Qc2+ 46. Kh3 Qxe4
47. Qxe4+ Rxe4 48. Rd7 Rb4 49. Rxf7+ Kg6 50. Rf2 Rb5 51. Rd2 Kg5 52. Kg2 Rxa5
53. Rd4 Rb5 54. b4 b6 55. Kf3 Kg6 56. h4 a5 57. Rd6+ Kf7 58. Rd7+ Kf6 59. bxa5
bxa5 60. Rh7 Kg6 61. Ra7 Rb3+ 62. Kg2 Rb4 63. Kh3 a4 64. h5+ Kf6 65. Rh7 1-0

[Event "chess.com IoM Masters"]
[Site "Douglas ENG"]
[Date "2017.09.25"]
[Round "3.35"]
[White "Bellin, Robert"]
[Black "Huschenbeth, Niclas"]
[Result "0-1"]
[WhiteTitle "IM"]
[BlackTitle "GM"]
[WhiteElo "2344"]
[BlackElo "2596"]
[WhiteFideId "400343"]
[BlackFideId "24604747"]
[EventDate "2017.09.23"]

1. d4 d5 2. Nf3 Nf6 3. e3 c5 4. c4 cxd4 5. exd4 g6 6. Nc3 Bg7 7. Qb3 O-O 8. cxd5
Nbd7 9. g3 Nb6 10. Bg2 Nfxd5 11. Ne4 Bg4 12. O-O Rc8 13. Re1 Nc4 14. h3 Na5 15.
Qd1 Bf5 16. Nh4 Bd7 17. Nf3 b6 18. Ne5 Bb5 19. a4 Ba6 20. Ng5 Bb7 21. b4 Nc3 22.
Qg4 Bxg2 23. Kxg2 Nb3 24. Ra3 Qd5+ 25. Qf3 Nxd4 0-1

[Event "chess.com IoM Masters"]
[Site "Douglas ENG"]
[Date "2017.09.25"]
[Round "3.36"]
[White "Tregubov, Pavel V."]
[Black "Roberson, Peter T"]
[Result "1/2-1/2"]
[WhiteTitle "GM"]
[BlackTitle "IM"]
[WhiteElo "2589"]
[BlackElo "2403"]
[WhiteFideId "4115341"]
[BlackFideId "412384"]
[EventDate "2017.09.23"]

1. d4 Nf6 2. c4 e6 3. Nf3 d5 4. Nc3 dxc4 5. e3 a6 6. a4 c5 7. Bxc4 Nc6 8. O-O
Be7 9. Qe2 O-O 10. Rd1 Qc7 11. h3 Rd8 12. dxc5 Rxd1+ 13. Qxd1 Bxc5 14. e4 h6 15.
Qe1 Nd4 16. Nxd4 Bxd4 17. Bd3 Qg3 18. Bc2 Qc7 19. Be3 e5 20. Rd1 Bxe3 21. Qxe3
Be6 22. Rd2 Rd8 23. Ne2 Rxd2 24. Qxd2 Ne8 25. a5 b6 26. axb6 Qxb6 27. Qc3 Qc7
28. b4 Bc4 29. Bd3 Bxd3 30. Qxd3 Qb6 31. Qc3 Nd6 32. Qxe5 Qxb4 33. Ng3 g6 34.
Kh2 a5 35. f4 h5 36. Qe7 h4 37. Qxh4 Nxe4 38. Qd8+ Kg7 39. Nxe4 Qxe4 40. Qxa5
Qxf4+ 1/2-1/2

[Event "chess.com IoM Masters"]
[Site "Douglas ENG"]
[Date "2017.09.25"]
[Round "3.37"]
[White "Vaishali, R"]
[Black "Pichot, Alan"]
[Result "0-1"]
[WhiteTitle "WIM"]
[BlackTitle "GM"]
[WhiteElo "2329"]
[BlackElo "2565"]
[WhiteFideId "5091756"]
[BlackFideId "110973"]
[EventDate "2017.09.23"]

1. e4 c5 2. Nf3 Nc6 3. Bb5 d6 4. O-O Bd7 5. c3 Nf6 6. d4 Nxe4 7. d5 Ne5 8. Bxd7+
Nxd7 9. Re1 Nef6 10. Bf4 Nb6 11. c4 g6 12. a4 Bg7 13. a5 Nc8 14. Qb3 Qd7 15. Nc3
O-O 16. Rad1 Ne8 17. Ne4 b6 18. Bd2 bxa5 19. Bxa5 Nb6 20. Bc3 Qa4 21. Qxa4 Nxa4
22. Bxg7 Kxg7 23. b3 Nb6 24. Nc3 Nc8 25. Nb5 Rb8 26. Ra1 Rb7 27. Ra5 Nf6 28.
Rea1 a6 29. Rxa6 Nxd5 30. Nd2 Nc7 31. Nxc7 Rxc7 32. Ne4 Rb7 33. R1a3 Nb6 34. Nc3
Rfb8 35. f4 Nd7 36. Nb5 Nf8 37. Kf2 Ne6 38. Ke3 Nc7 39. Nxc7 Rxc7 40. Kd3 Rcb7
41. Kc3 Kf6 42. Ra7 Kf5 43. Rxb7 Rxb7 44. g3 Kg4 45. Ra8 Kh3 46. Rh8 h5 47. f5
Kxh2 48. g4 h4 49. Rxh4+ Kg3 50. Rh6 g5 51. f6 Kxg4 0-1

[Event "chess.com IoM Masters"]
[Site "Douglas ENG"]
[Date "2017.09.25"]
[Round "3.38"]
[White "Wagner, Dennis"]
[Black "Karavade, Eesha"]
[Result "1/2-1/2"]
[WhiteTitle "GM"]
[BlackTitle "IM"]
[WhiteElo "2564"]
[BlackElo "2384"]
[WhiteFideId "24650684"]
[BlackFideId "5012600"]
[EventDate "2017.09.23"]

1. Nf3 d5 2. g3 g6 3. Bg2 Bg7 4. d4 Nf6 5. O-O O-O 6. c4 c6 7. Nbd2 Bf5 8. b3
Ne4 9. Bb2 Qa5 10. h3 Nd7 11. g4 Nxd2 12. Nxd2 Be6 13. Rc1 Rad8 14. Bc3 Qb6 15.
e4 dxe4 16. Nxe4 Nf6 17. Nc5 Bc8 18. Qe1 Qc7 19. Qe3 h5 20. g5 Nd7 21. Nd3 Rfe8
22. Rfe1 Nf8 23. Ne5 Bxe5 24. Qxe5 Qxe5 25. Rxe5 Ne6 26. Rce1 Nxd4 27. Rxe7 Rxe7
28. Rxe7 Ne6 29. Bf6 Kf8 30. b4 Rd7 31. Rxd7 Bxd7 32. h4 Nf4 33. Bf1 Bf5 34. Be5
Nd3 35. Bc3 Ke7 36. Kg2 Kd6 37. Kf3 c5 38. a3 b6 39. Ke3 Ne5 40. f4 Ng4+ 41. Kd2
Be4 42. Bg7 a6 43. Be2 Ke7 44. bxc5 bxc5 45. a4 Bc6 46. a5 Nh2 47. Ke3 Ng4+ 48.
Kd2 Nh2 49. Ke3 Ng4+ 50. Kd2 1/2-1/2

[Event "chess.com IoM Masters"]
[Site "Douglas ENG"]
[Date "2017.09.25"]
[Round "3.39"]
[White "Enkhtuul, Altan-Ulzii"]
[Black "Donchenko, Alexander"]
[Result "0-1"]
[WhiteTitle "WGM"]
[BlackTitle "GM"]
[WhiteElo "2327"]
[BlackElo "2559"]
[WhiteFideId "4901444"]
[BlackFideId "24603295"]
[EventDate "2017.09.23"]

1. Nf3 Nf6 2. d4 g6 3. g3 b6 4. Bg2 Bb7 5. c4 Bg7 6. O-O O-O 7. Nc3 Ne4 8. Qc2
Nxc3 9. bxc3 f5 10. c5 e6 11. Ba3 bxc5 12. Bxc5 d6 13. Ba3 Nd7 14. Rad1 Be4 15.
Qb3 Qe7 16. Ne1 Rab8 17. Qc4 Nb6 18. Qa6 Qd7 19. Bxe4 fxe4 20. Ng2 e5 21. dxe5
Bxe5 22. Bc5 Qa4 23. Qxa4 Nxa4 24. Bxa7 Rb2 25. Rb1 Rxe2 26. Rb7 Nxc3 27. a4 c5
28. a5 Ra2 29. Ne3 h5 30. Bb8 Rxa5 31. Bxd6 Bxd6 32. Rb6 Be7 33. Rxg6+ Kh7 34.
Rc6 Ra7 35. Kg2 Rf6 36. Rc8 Rd7 37. Nc4 Nd5 38. Rd1 Nf4+ 39. gxf4 Rxd1 40. Rc7
Rf7 41. Ne3 Rg7+ 42. Kh3 Rd3 43. Rc8 Bd6 44. Kh4 Bxf4 45. Rxc5 Bxe3 46. fxe3
Rxe3 0-1

[Event "chess.com IoM Masters"]
[Site "Douglas ENG"]
[Date "2017.09.25"]
[Round "3.40"]
[White "Kolbus, Dietmar"]
[Black "Perelshteyn, Eugene"]
[Result "1/2-1/2"]
[WhiteTitle "IM"]
[BlackTitle "GM"]
[WhiteElo "2320"]
[BlackElo "2524"]
[WhiteFideId "4610628"]
[BlackFideId "2012529"]
[EventDate "2017.09.23"]

1. d4 g6 2. c4 Bg7 3. e4 d6 4. Nc3 c6 5. Be3 Nf6 6. f3 a6 7. a4 a5 8. Bd3 Na6 9.
Nge2 Nb4 10. Bb1 O-O 11. O-O e5 12. Qd2 Re8 13. d5 Qe7 14. Na2 Nxa2 15. Rxa2 Nd7
16. Bc2 Nc5 17. Nc3 Qc7 18. Rd1 Bf8 19. b3 Na6 20. Rb2 Nb4 21. Bb1 f6 22. Na2
Na6 23. Nc3 Nc5 24. Bc2 Qf7 25. Rbb1 h5 26. Rf1 Kh7 27. Kh1 Qc7 28. Rbd1 Qb6 29.
Na2 Bd7 30. Nc1 Qc7 31. dxc6 Bxc6 32. Na2 Na6 33. Nc3 Nb4 34. Bb1 b6 35. Rc1 1/2-1/2

[Event "chess.com IoM Masters"]
[Site "Douglas ENG"]
[Date "2017.09.25"]
[Round "3.41"]
[White "Olafsson, Helgi"]
[Black "Woellermann, Jan"]
[Result "1/2-1/2"]
[WhiteTitle "GM"]
[WhiteElo "2512"]
[BlackElo "2384"]
[WhiteFideId "2300010"]
[BlackFideId "24661155"]
[EventDate "2017.09.23"]

1. c4 e5 2. g3 Nf6 3. Bg2 d5 4. cxd5 Nxd5 5. Nf3 Nc6 6. O-O Nb6 7. b3 Bd6 8. Bb2
O-O 9. d3 Re8 10. a3 Bf8 11. Nbd2 g6 12. Qc2 Nd4 13. Nxd4 exd4 14. Rfe1 c6 15.
Nf3 Bg7 16. Qc5 Nd7 17. Qc2 Nb6 18. Rac1 Bg4 19. h3 Bxf3 20. Bxf3 Qd6 21. h4 h5
22. Qc5 Qxc5 23. Rxc5 Rad8 24. Kf1 Bf8 25. Rc2 Re6 26. Rb1 Bh6 27. Rc5 a6 28.
Kg2 Bf8 29. Rc2 Bh6 30. Rc5 Bf8 1/2-1/2

[Event "chess.com IoM Masters"]
[Site "Douglas ENG"]
[Date "2017.09.25"]
[Round "3.43"]
[White "Panchanathan, Magesh Chandran"]
[Black "Fenil, Shah"]
[Result "1-0"]
[WhiteTitle "GM"]
[BlackTitle "FM"]
[WhiteElo "2481"]
[BlackElo "2362"]
[WhiteFideId "5007429"]
[BlackFideId "5019850"]
[EventDate "2017.09.23"]

1. Nf3 d5 2. g3 Nf6 3. Bg2 c6 4. O-O Bf5 5. d3 e6 6. Nbd2 h6 7. c3 Be7 8. Nd4
Bh7 9. e4 O-O 10. Qe2 c5 11. Nc2 Nc6 12. a3 Rc8 13. b4 cxb4 14. axb4 a6 15. Bb2
Re8 16. Rfb1 e5 17. Ra2 Qd7 18. Ne3 dxe4 19. dxe4 Rcd8 20. Rd1 Qc7 21. Raa1 Na7
22. Qc4 Qb8 23. Nd5 Nxd5 24. exd5 Bc2 25. Re1 Nb5 26. Qe2 Nc7 27. Qc4 b5 28. Qa2
Bf8 29. Rac1 Bd3 30. Re3 Bg6 31. c4 Bxb4 32. Bxe5 Qb6 33. c5 Bxc5 34. Bxc7 Qxc7
35. Rxe8+ Rxe8 36. Nb3 Bxf2+ 37. Qxf2 Qd6 38. Qc5 Qf6 39. Nd4 Qg5 40. Nf3 Qg4
41. d6 Bf5 42. Ne5 Qg5 43. Nc6 Be6 44. Qxg5 hxg5 45. Nd4 Bd7 46. Bc6 Rd8 47.
Bxd7 Rxd7 48. Nf5 g6 49. Rc7 1-0

[Event "chess.com IoM Masters"]
[Site "Douglas ENG"]
[Date "2017.09.25"]
[Round "3.44"]
[White "L'Ami, Alina"]
[Black "Visakh, N R"]
[Result "1-0"]
[WhiteTitle "IM"]
[BlackTitle "IM"]
[WhiteElo "2286"]
[BlackElo "2458"]
[WhiteFideId "1210246"]
[BlackFideId "25012223"]
[EventDate "2017.09.23"]

1. d4 d5 2. c4 e6 3. Nf3 Nf6 4. Nc3 Bb4 5. Qa4+ Nc6 6. a3 Bxc3+ 7. bxc3 Bd7 8.
Qc2 h6 9. e3 O-O 10. Bd3 dxc4 11. Bxc4 Na5 12. Bd3 c5 13. Ne5 Rc8 14. Qd1 Be8
15. O-O Nd7 16. f4 cxd4 17. cxd4 Nxe5 18. fxe5 Bc6 19. Ra2 Qd5 20. Raf2 Bb5 21.
e4 Qxd4 22. Bxb5 Qxd1 23. Rxd1 Rc5 24. a4 Rxe5 25. Ba3 Rc8 26. Rfd2 Nc6 27. Bxc6
Rxc6 28. Rd8+ Kh7 29. R8d7 Rxe4 30. Rxf7 Rc2 31. Bf8 Kg8 32. Rdf1 Rg4 33. g3 Rc1
34. Bd6 Rxf1+ 35. Rxf1 Rxa4 36. Rf8+ Kh7 37. Rf7 b5 38. Rb7 a6 39. Bf8 Rg4 40.
Kg2 Kg8 41. Bd6 g5 42. Re7 Rc4 43. Kf3 h5 44. Rxe6 Kf7 45. Re7+ Kf6 46. Rc7 Rxc7
47. Bxc7 b4 48. Ke4 b3 49. Bd8+ Kg6 50. Kd3 Kf5 51. Kc3 g4 52. Kxb3 Ke4 53. Ka4
Kf3 54. Ka5 Kg2 55. Kxa6 Kxh2 56. Bh4 1-0

[Event "chess.com IoM Masters"]
[Site "Douglas ENG"]
[Date "2017.09.25"]
[Round "3.45"]
[White "Kjartansson, Gudmundur"]
[Black "Paul, Johannes"]
[Result "1-0"]
[WhiteTitle "IM"]
[BlackTitle "FM"]
[WhiteElo "2456"]
[BlackElo "2335"]
[WhiteFideId "2301318"]
[BlackFideId "24622087"]
[EventDate "2017.09.23"]

1. d4 Nf6 2. Nf3 e6 3. g3 b5 4. Bg5 Bb7 5. Nbd2 Be7 6. Bxf6 Bxf6 7. e4 a6 8. c3
Be7 9. b4 d6 10. a4 bxa4 11. Qxa4+ Nd7 12. Bg2 O-O 13. Rb1 e5 14. O-O Bf6 15. d5
a5 16. bxa5 Nc5 17. Qa3 Ra7 18. Rfd1 Be7 19. Rb5 c6 20. Rxc5 dxc5 21. Nc4 cxd5
22. exd5 e4 23. Nfe5 f6 24. Ng4 Bd6 25. Nge3 f5 26. Nxd6 Qxd6 27. Nc4 Qa6 28.
Bf1 e3 29. fxe3 Rc8 30. Qb3 Rd8 31. d6 Kf8 32. Ne5 c4 33. Bxc4 Qxa5 34. Bg8 Bd5
35. Rxd5 Qa2 36. Qxa2 Rxa2 37. Nc6 1-0

[Event "chess.com IoM Masters"]
[Site "Douglas ENG"]
[Date "2017.09.25"]
[Round "3.47"]
[White "Neelotpal, Das"]
[Black "Jessel, Stephen"]
[Result "1-0"]
[WhiteTitle "GM"]
[BlackTitle "FM"]
[WhiteElo "2448"]
[BlackElo "2334"]
[WhiteFideId "5003512"]
[BlackFideId "628859"]
[EventDate "2017.09.23"]

1. c4 b6 2. Nf3 Bb7 3. b3 e6 4. Bb2 f5 5. d3 Nf6 6. Nbd2 Be7 7. Qc2 O-O 8. h3
Qe8 9. g4 f4 10. h4 d6 11. g5 Nh5 12. d4 c5 13. Bh3 Bd8 14. Rg1 Nc6 15. O-O-O
cxd4 16. Nxd4 Nxd4 17. Bxd4 e5 18. Bb2 Bc7 19. Bf5 g6 20. Be4 Bc6 21. Kb1 Bd7
22. Bd5+ Kh8 23. Bxa8 Qxa8 24. Ka1 Bf5 25. Qc1 Rc8 26. Nb1 b5 27. Nc3 bxc4 28.
Nb5 Bb8 29. Nxd6 Bxd6 30. Rxd6 cxb3 31. Qd2 bxa2 32. Rd1 Kg8 33. Qa5 Qe4 34.
Rd8+ Kf7 35. Qxa7+ 1-0

[Event "chess.com IoM Masters"]
[Site "Douglas ENG"]
[Date "2017.09.25"]
[Round "3.48"]
[White "Yankelevich, Lev"]
[Black "Rathnakaran, K."]
[Result "0-1"]
[WhiteTitle "IM"]
[BlackTitle "IM"]
[WhiteElo "2443"]
[BlackElo "2326"]
[WhiteFideId "24684074"]
[BlackFideId "5005507"]
[EventDate "2017.09.23"]

1. d4 Nf6 2. c4 g6 3. Nc3 Bg7 4. e4 d6 5. Be2 O-O 6. Be3 e5 7. d5 Na6 8. g4 Nc5
9. f3 a5 10. h4 h5 11. g5 Nh7 12. Qd2 f6 13. gxf6 Bxf6 14. Bf2 a4 15. O-O-O Bd7
16. Qh6 Be8 17. Qd2 Kh8 18. Kb1 Ra6 19. Ka1 Nb3+ 20. axb3 axb3+ 21. Kb1 Qa8 0-1

[Event "chess.com IoM Masters"]
[Site "Douglas ENG"]
[Date "2017.09.25"]
[Round "3.50"]
[White "Trent, Lawrence"]
[Black "Zwahr, Paul"]
[Result "1-0"]
[WhiteTitle "IM"]
[BlackTitle "FM"]
[WhiteElo "2427"]
[BlackElo "2306"]
[WhiteFideId "408638"]
[BlackFideId "24609749"]
[EventDate "2017.09.23"]

1. c4 e5 2. d3 Nf6 3. Nf3 Nc6 4. Nc3 g6 5. Bg5 Bg7 6. g3 h6 7. Bd2 O-O 8. h4 d5
9. cxd5 Nxd5 10. Bg2 Be6 11. Ne4 Qe7 12. Rc1 Rad8 13. a3 f5 14. Nc5 e4 15. dxe4
fxe4 16. Nxe4 Bxb2 17. O-O Bg7 18. Nc5 Nc3 19. Qe1 Qxc5 20. Bxc3 Qxa3 21. Bxg7
Kxg7 22. Ra1 Qc5 23. Qb1 b5 24. Qb2+ Kh7 25. Rac1 Bc4 26. Nd2 Ne5 27. Ne4 Qd4
28. Qa3 Rf7 29. Rc2 Rdf8 30. Rd2 Qb6 31. Ra1 Rxf2 32. Nxf2 Qxf2+ 33. Kh1 b4 34.
Qxb4 Rf7 35. Qc3 Re7 36. Rf1 Qb6 37. h5 Qe6 38. Be4 Qh3+ 39. Kg1 Qxh5 40. Qa3 c5
41. Rf4 Bxe2 42. Qe3 Bc4 43. Rh4 Nf3+ 44. Qxf3 Qg5 45. Qf4 1-0

[Event "chess.com IoM Masters"]
[Site "Douglas ENG"]
[Date "2017.09.25"]
[Round "3.51"]
[White "Sundararajan, Kidambi"]
[Black "Rudolf, Anna"]
[Result "1/2-1/2"]
[WhiteTitle "GM"]
[BlackTitle "IM"]
[WhiteElo "2426"]
[BlackElo "2286"]
[WhiteFideId "5005370"]
[BlackFideId "722855"]
[EventDate "2017.09.23"]

1. c4 Nf6 2. Nf3 e6 3. g3 d5 4. Bg2 dxc4 5. Qa4+ Nbd7 6. Qxc4 a6 7. Qc2 Bd6 8.
O-O O-O 9. d4 c5 10. dxc5 Bxc5 11. Bf4 Qe7 12. Nc3 e5 13. Bg5 Qe6 14. Rad1 Rb8
15. Nd2 b6 16. Nde4 Bb7 17. Nxf6+ Nxf6 18. Bxb7 Rxb7 19. Bxf6 gxf6 20. Qe4 Rbb8
21. Rd5 Rfd8 22. Rfd1 Rxd5 23. Qxd5 Bd4 24. e3 Bxc3 25. bxc3 Qxd5 26. Rxd5 Rc8
27. Rd6 Rxc3 28. Rxf6 Ra3 29. Rxb6 Rxa2 30. Kg2 Kg7 31. g4 h6 32. Kg3 a5 33. Ra6
a4 34. h4 a3 35. Kf3 Ra1 36. Ke4 a2 37. Kxe5 Rg1 38. Rxa2 Rxg4 39. f4 Rxh4 40.
Rg2+ Kf8 41. Kf6 Rh3 42. Re2 Rg3 43. f5 Rf3 44. Re1 Rg3 45. Ra1 Rxe3 46. Ra7 h5
47. Rxf7+ Kg8 48. Rg7+ Kh8 49. Rg5 Rh3 50. Kf7 Kh7 51. f6 Kh6 52. Rg6+ Kh7 53.
Rg7+ Kh6 54. Kg8 Rf3 55. f7 h4 56. f8=Q Rxf8+ 57. Kxf8 Kh5 58. Kf7 h3 59. Kf6
Kh4 60. Kf5 h2 61. Kf4 Kh3 62. Rh7+ Kg2 63. Rxh2+ 1/2-1/2

[Event "chess.com IoM Masters"]
[Site "Douglas ENG"]
[Date "2017.09.25"]
[Round "3.53"]
[White "Burrows, Martin P"]
[Black "Akobian, Varuzhan"]
[Result "0-1"]
[BlackTitle "GM"]
[WhiteElo "2085"]
[BlackElo "2662"]
[WhiteFideId "409057"]
[BlackFideId "13300580"]
[EventDate "2017.09.23"]

1. e4 e6 2. d4 d5 3. Nc3 Nf6 4. e5 Nfd7 5. f4 c5 6. Nf3 Nc6 7. Be3 cxd4 8. Nxd4
Bc5 9. Qd2 O-O 10. O-O-O a6 11. Qf2 Bxd4 12. Bxd4 b5 13. Bd3 b4 14. Ne2 a5 15.
Kb1 Ba6 16. Rhe1 a4 17. Nc1 Qc7 18. g4 Nxd4 19. Qxd4 Rfc8 20. Rd2 Qa5 21. Qf2
Nc5 22. f5 b3 23. a3 bxc2+ 24. Bxc2 Rab8 25. f6 Rxb2+ 26. Kxb2 Rb8+ 27. Nb3 Nxb3
28. Qa7 Rc8 29. Red1 Qc3+ 30. Ka2 Nxd2 0-1

[Event "chess.com IoM Masters"]
[Site "Douglas ENG"]
[Date "2017.09.25"]
[Round "3.56"]
[White "Mannion, Stephen R"]
[Black "Salomon, Johan"]
[Result "0-1"]
[WhiteTitle "IM"]
[BlackTitle "GM"]
[WhiteElo "2320"]
[BlackElo "2476"]
[WhiteFideId "2400111"]
[BlackFideId "1509500"]
[EventDate "2017.09.23"]

1. e4 c5 2. Nf3 d6 3. d4 cxd4 4. Nxd4 Nf6 5. Nc3 a6 6. h3 e5 7. Nb3 Be7 8. Be3
h5 9. Be2 Be6 10. O-O Nbd7 11. Qd2 b5 12. Bf3 Nb6 13. Bxb6 Qxb6 14. a4 b4 15.
Nd5 Nxd5 16. exd5 Bf5 17. a5 Qb7 18. Rfe1 Rc8 19. Rac1 g6 20. g4 hxg4 21. hxg4
Bd7 22. Re4 Rb8 23. Nc5 Qb5 24. Nxd7 Kxd7 25. Ra1 f5 26. Ree1 Rh4 27. Qd3 e4 28.
Qxb5+ Rxb5 29. Be2 Rxd5 30. Bxa6 Bd8 31. gxf5 gxf5 32. Bb7 Rxa5 33. Rxa5 Bxa5
34. f3 e3 35. Kg2 Bb6 36. Ba6 Ke6 37. b3 Ke5 38. Bd3 Kf4 39. Rd1 Rh6 40. Be2
Rg6+ 41. Kh2 Bc5 42. Rd5 Rg5 43. Rd1 Rg3 44. Rf1 Bd4 45. Bd1 Be5 46. Be2 Rg7 47.
Kh3 Rc7 48. Bd1 Rc5 49. Kg2 e2 50. Bxe2 Rxc2 51. Kf2 Bd4+ 52. Ke1 Ke3 53. Rf2
Rc1+ 0-1

[Event "chess.com IoM Masters"]
[Site "Douglas ENG"]
[Date "2017.09.25"]
[Round "3.57"]
[White "Loew, Gerald"]
[Black "Zumsande, Martin"]
[Result "1/2-1/2"]
[WhiteTitle "FM"]
[BlackTitle "IM"]
[WhiteElo "2262"]
[BlackElo "2471"]
[WhiteFideId "4615875"]
[BlackFideId "4651324"]
[EventDate "2017.09.23"]

1. c4 e6 2. g3 d5 3. Bg2 Nf6 4. Nf3 Be7 5. O-O O-O 6. b3 b6 7. Bb2 Bb7 8. e3
dxc4 9. bxc4 c5 10. Qe2 Nc6 11. Nc3 a6 12. Rfd1 Qc7 13. Rab1 Rab8 14. Ba1 Rfd8
15. d3 Na7 16. a4 Nc6 17. Ne1 Nb4 18. g4 Bxg2 19. Kxg2 Qc6+ 20. Kg1 Rb7 21. Rd2
Rbd7 22. Rbd1 Ne8 23. f4 h6 24. Nf3 Rxd3 25. Ne5 Rxd2 26. Nxc6 Rxe2 27. Nxe7+
Kf8 28. Rxd8 Re1+ 29. Kf2 Kxe7 30. Rxe8+ Kxe8 31. Kxe1 Nc2+ 32. Kd1 Nxa1 33. a5
Kd7 34. axb6 Kc6 35. Na4 Nb3 36. Kc2 Na5 37. Kd3 f5 38. g5 Nb7 39. e4 Nd6 40. e5
Ne4 41. h4 a5 1/2-1/2

[Event "chess.com IoM Masters"]
[Site "Douglas ENG"]
[Date "2017.09.25"]
[Round "3.58"]
[White "Basso, Pier Luigi"]
[Black "Allen, Keith"]
[Result "1-0"]
[WhiteTitle "IM"]
[WhiteElo "2460"]
[BlackElo "2231"]
[WhiteFideId "866970"]
[BlackFideId "2501147"]
[EventDate "2017.09.23"]

1. d4 Nf6 2. c4 e6 3. Nf3 d5 4. Nc3 Bb4 5. cxd5 exd5 6. Bg5 Nbd7 7. Qc2 O-O 8.
e3 c5 9. Bd3 Qa5 10. O-O c4 11. Bf5 Bxc3 12. bxc3 Re8 13. Nd2 g6 14. Bxd7 Nxd7
15. h4 Nb6 16. f3 Qa4 17. Qc1 f5 18. Re1 Be6 19. e4 Rac8 20. Re3 Kf7 21. Qe1 Qa3
22. Qg3 Qb2 23. Rae1 Qxd2 24. exf5 Qxe1+ 25. Rxe1 gxf5 26. Qf4 Kg8 27. Bf6 1-0